000 00864nam a22002537a 4500
005 20120604122541.0
008 120604t xxu||||| |||| 00| 0 eng d
010 _aENG-105421
020 e _a9788180549229
_c250.00
020 e _a8180549224
_c250.00
035 _aEN-88954
037 _bDBAD/PUB
040 _aDPL
_bEng
082 _a338.04
100 _aGupta, C.B.
_948412
245 _aEntrepreneurial development /
_cby C.B. Gupta [and] N.P. Srinivasan
250 _arev. ed
260 _aNew Delhi
_bSultan Chand
_c2012
270 _a23, Darya Ganj
_bNew Delhi
_e110002
300 _avarious pagings
_c24cm(pbk)
700 _aSrinivasan, N.P.
_948413
942 _2ddc
_cEN
_h338.04
_mGUP
999 _c67468
_d67468